000 00668ngm a2200169 i 4500
001 C2-0344411
003 PPAK
005 20180727222922.0
008 171231s2017 cau|||| ||||| | vleng d
040 _aPPAK
_beng
_cPPAK
_erda
245 1 0 _aJustice league dark
264 1 _aCalifornia :
_bWarner Bros. Entertainment, Inc. ,
_c2017
500 _aSummary : Batman assembles a league of heroes with supernatural powers to help defeat a supernatural force. ; In English, French, Portuguese (Brazilian), Spanish (Latin American) and Thai; with optional subtitles in English, Complex Chinese
700 _eauthor
700 1 _aOliva, Jay,
_ecompile
942 _2ddc
_cDVD
999 _c168131
_d168131